000 00616nam a2200241Ia 4500
003 OSt
005 20221007104541.0
006 a|||||r|||| 00| 0
007 ta
008 221006b |||||||| |||| 00| 0 eng d
024 _a16,162
037 _cTextual
040 _aLCO
_cLCO
_beng
041 _2eng
_aeng
082 _aZ2,7,16, M7
100 _aAvtar Singh
245 0 _aLaw of Arbitration
260 _aLucknow
_bEastern Book Company India
_c1987
300 _a100
650 _aLAW OF ARBITRATION
_9681642
942 _hZ2,7,16, M7
_cTEXL
999 _c1185725
_d1185725